000 00837cam a2200217 a 4500
001 000004904
005 20200929151529.0
008 820312s1966 sp ch 000 0bspa
040 _aDO-SdBNP
_cCarP
_dDLC
082 _a861.4
_bJ61dzS
100 1 _aSaz-Orozco, Carlos del
_914181
245 1 0 _aDesarrollo del concepto de Dios en el pensamiento religioso de Juan Ramón Jímenez /
_cCarlos del Saz-Orozco.
260 _aMadrid :
_bRazón y Fe,
_c1966.
300 _axx, 236 p. :
_bretrs., facsím. ;
_c20 cm.
490 1 _aFormas del espíritu
_vno. 5
600 1 4 _aJIMÉNEZ, JUAN RAMÓN
_d1881-1958.
_xCRÍTICA E INTERPRETACIÓN
_914182
650 4 _aPoesía cristiana
_xCrítica e interpretación
_914183
650 4 _aDios en la literatura
_914184
830 0 _aFormas del espíritu
_vno. 5
_914185
910 _aCatalogación por copia / LC
999 _c4710
_d4710